AFL Cult Heroes 2018 - Statistics

General Stats
  • This quiz has been taken 163 times
    144 since last reset
  • The average score is 4 of 18
Answer Stats
Team Cult Hero % Correct
Adelaide Eddie Betts
54%
Geelong Gary Ablett
48%
Carlton Patrick Cripps
45%
Fremantle Nat Fyfe
39%
Gold Coast Literally No One
38%
Collingwood Mason Cox
29%
Melbourne Max Gawn
29%
Brisbane Charlie Cameron
28%
Essendon Anthony McDonald-Tipungwuti
25%
Richmond Jack Higgins
17%
Nth Melbourne Majak Daw
17%
West Coast Nic Naitanui
15%
Footscray Tom Liberatore
15%
GWS Heath Shaw
14%
St Kilda Jack Steven
13%
Sydney Aliir Aliir
8%
Hawthorn James Worpel
8%
Port Adelaide Sam Powell-Pepper
6%
No matching quizzes found
Score Distribution
Percent of People with Each Score
Percentile by Number Answered
Your Score History
You have not taken this quiz since the last reset